000
00224nam a22000857a 4500
008
160714b xxu||||| |||| 00| 0 eng d
100
_9
2822
_a
Dickens
245
_a
Great Expectations
260
_a
New Delhi
_b
S.Chand Publication
_c
2009
999
_c
2416
_d
2416